000 00899nam a2200217 i 4500
001 181219
003 ES-MaACL
005 20250812224325.0
008 121105s1916 sp |||| | spa d
100 1 _aRey Pastor, Julio,
_d1888-1962
_996535
245 1 0 _aFundamentos de la geometría proyectiva superior /
_cpor J. Rey Pastor.
260 _aMadrid :
_bJunta para Ampliación de Estudios e Investigaciones Científicas,
_c1916 (
_fImp. Fortanet)
300 _aXXII, 444 p. ;
_c23 cm.
490 1 _aPublicaciones del Laboratorio y Seminario Matemático ;
_vT. 1
504 _aBibliografía e índices.
650 0 4 _aGeometría proyectiva.
_913104
710 2 _aJunta para la Ampliación de Estudios e Investigaciones Científicas.
_95413
830 0 0 _aPublicaciones del Laboratorio y Seminario Matemático
_vT. 1
_9191411
852 _aES-MaACL
_jB-13176
999 _c181219
_d181219